Ethical insights : A brief introduction

This is a brief, accessible, affordable supplement for any applied ethics course. The text covers eight ethical theories, with each chapter focusing on a key ethical insight that helps establish moral guidelines to solve ethical problems

Zapisane w:
Opis bibliograficzny
1. autor: Birsch, Douglas
Format: Książka
Język:Undetermined
Wydane: Boston McGraw Hill 2001
Hasła przedmiotowe:
Etykiety: Dodaj etykietę
Nie ma etykietki, Dołącz pierwszą etykiete!
Thư viện lưu trữ: Trung tâm Học liệu Trường Đại học Cần Thơ
LEADER 00779nam a2200217Ia 4500
001 CTU_171907
008 210402s9999 xx 000 0 und d
020 |c 43.75 
082 |a 171 
082 |b B617 
100 |a Birsch, Douglas 
245 0 |a Ethical insights : 
245 2 |b A brief introduction 
245 0 |c Douglas Birsch 
260 |a Boston 
260 |b McGraw Hill 
260 |c 2001 
520 |a This is a brief, accessible, affordable supplement for any applied ethics course. The text covers eight ethical theories, with each chapter focusing on a key ethical insight that helps establish moral guidelines to solve ethical problems 
650 |a Ethics,Đạo đức học 
910 |a Nguyên 
980 |a Trung tâm Học liệu Trường Đại học Cần Thơ